Country commercial guide : Sri Lanka 1995.
| Format: | Book |
|---|---|
| Published: |
Springfield, VA:
U.S Department of Commerce,
[199_].
|
| Subjects: |
| LEADER | 00461cam a2200157 7i4500 | ||
|---|---|---|---|
| 001 | 0000004710 | ||
| 005 | 19991025090000.0 | ||
| 002 | ##000006241 | ||
| 020 | 0 | 0 | |a T000005061 |
| 090 | 0 | 0 | |a SRLA 338.7 |b COU |
| 245 | 0 | 0 | |a Country commercial guide : |b Sri Lanka 1995. |
| 260 | 0 | 0 | |a Springfield, VA: |b U.S Department of Commerce, |c [199_]. |
| 300 | 0 | 0 | |a 52p.. |
| 650 | 0 | 0 | |a Business -- |z Sri Lanka |
| 651 | 0 | 0 | |a Sri Lanka |
| 999 | |a 0000007462 |b Book |c Open shelf |e Business Information Centre | ||